Rozpoznaj reprezentantów Polski z 80+ meczami - 2026.01. - Statystyki

Ogólne statystyki
  • Ten quiz został rozwiązany 36 razy
  • Średni wynik to 12 z 15
Statystyki odpowiedzi
Obrazkowy Hint Odpowiedź % Poprawnych
100 Grzegorz Krychowiak
97%
105 + ? Piotr Zieliński
97%
84 Wojciech Szczęsny
97%
80 meczów Zbigniew Boniek
97%
109 Jakub Błaszczykowski
94%
100 + ? Kamil Grosicki
94%
163 + ? Robert Lewandowski
94%
100 Grzegorz Lato
91%
103 Kamil Glik
91%
97 Kazimierz Deyna
82%
96 Jacek Krzynówek
73%
102 Michał Żewłakow
70%
96 Jacek Bąk
58%
91 Władysław Żmuda
52%
82 Antoni Szymanowski
30%
Nie znaleziono quizów pasujących do podanych kryteriów
Rozkład punktacji
Procent ludzi z każdym wynikiem
Percentyl według liczby udzielonych odpowiedzi
Twoja historia wyników
Nie rozwiązałeś tego quizu